000 01240cam a22003737a 4500
001 3962
003 FISKH
005 20240528113352.0
008 100325s2010 nyua j 001 1 eng d
010 _a 2010292276
020 _a9780756657703 (pbk.)
020 _a0756657709 (pbk.)
035 _a(OCoLC)ocn501331720
040 _aIFA
_cIFA
_dOCLCA
_dC#L
_dDLC
_beng
042 _alccopycat
050 0 0 _aPZ7.T233
_bFre 2010
082 0 0 _a[Fic]
_223
100 1 _aTeitelbaum, Michael.
245 1 0 _aFriends and enemies /
_cwritten by Michael Teitelbaum.
260 _aNew York :
_bDK Publishing,
_c2010.
300 _a48 pages :
_billustrations ;
_c23 cm
490 0 _aThe Invincible Iron Man
490 0 _aDK readers. 3, Reading alone
500 _aIncludes index.
520 _aMeet the friends who help Iron Man, and read about the enemies who want to take him down!
521 8 _a920
_bLexile NC
600 0 0 _aIron Man
_c(Fictitious character)
_vJuvenile fiction.
650 0 _aSuperheroes
_vJuvenile fiction.
650 0 _aFriendship
_vJuvenile fiction.
650 0 _aEnemies
_vJuvenile fiction.
650 0 _aGood and evil
_vJuvenile fiction.
906 _a7
_bcbc
_ccopycat
_d2
_encip
_f20
_gy-gencatlg
942 _2ddc
_cBK
_n0
999 _c3962
_d3962